000 00367 a2200169 4500
250 _a2ème éd.
245 _aIntroduction à l'étude des glandes endocrines
100 _aGirod, C.
260 _c1980
300 _a408 p.
035 _a2816
035 _a2817
035 _a3258
999 _c16713
_d16713